Stav priamych zahraničných investícií v Košickom kraji

Problematika stavu priamych zahraničných investícií v košickom kraji. Definícia priamych zahraničných investícií. Motívy investovania do košického kraja a zmena stavu priamych zahraničných investícií v tomto kraji. Hodnotenie vývoja a stavu PZI v Košickom kraji.

Gespeichert in:
Bibliographische Detailangaben
1. Verfasser: Janičová, Daniela, 1989-
Weitere Verfasser: Kubíková, Zuzana
Format: Buchkapitel
Sprache:Slowakisch
Schlagworte:
Tags: Tag hinzufügen
Keine Tags, Fügen Sie das erste Tag hinzu!

MARC

LEADER 00000nla a2200000 4500
001 0199249
005 20240502073352.5
041 0 |a slo 
044 |a SK 
245 1 0 |a Stav priamych zahraničných investícií v Košickom kraji 
520 |a Problematika stavu priamych zahraničných investícií v košickom kraji. Definícia priamych zahraničných investícií. Motívy investovania do košického kraja a zmena stavu priamych zahraničných investícií v tomto kraji. Hodnotenie vývoja a stavu PZI v Košickom kraji. 
610 2 0 |a Slovensko 
610 2 0 |a politika regionálna 
610 2 0 |a investície priame zahraničné 
610 2 0 |a stratégia investičná 
100 1 |a Janičová, Daniela, 1989- 
700 1 |a Kubíková, Zuzana